000 00474nam a2200181Ia 4500
008 090124s9999 xx 000 0 und d
082 _b130913
100 _aलागू चिंतामणी
245 _a कोहरा
250 _a1
260 _c2002
300 _a176
600 _aलागू चिंतामणी
630 _a कोहरा
700 _aलागू चिंतामणी
730 _a कोहरा
942 _cBOOK
999 _c177002
_d177002